000 00299nam a22001217a 4500
008 160523b xxu||||| |||| 00| 0 eng d
020 _a9781933107769
020 _a9781933107769
041 _aeng
080 _a618.2
245 _aRn Adulcal Medical surgical nursing:
_cEdition 8.0;
942 _2udc
_cBK
999 _c2363
_d2363